| 000 | 01035cad a22002295a 4500 | ||
|---|---|---|---|
| 001 | L157402 | ||
| 008 | 121123e20121113xxkd f s f000 0 eng d | ||
| 035 | _a(Sirsi) u157402 | ||
| 041 | 0 | _aeng | |
| 110 | 1 |
_aOffice for National Statistics _92210 |
|
| 245 | 0 | 0 |
_aHouse price index _bSeptember 2012 _h[electronic resource] |
| 260 |
_aLondon _bDCLG _c2012 |
||
| 490 | 0 |
_aONS House Price Index _vSeptember 2012 |
|
| 520 | _aUK house prices increased by 1.7% since September 2011 and fell by 0.2% between August and September 2012. The mix-adjusted average house price was £233 000 in September 2012 (not seasonally adjusted). Annual average house prices increased by 1.8% in England, 0.9% in Scotland, 1.6% in Wales and fell by 10.1% in Northern Ireland. | ||
| 521 | _aAdvanced | ||
| 590 | _aKA | ||
| 650 | 2 | 4 | _aONS HOUSE PRICE INDEX |
| 651 | 4 |
_aUnited Kingdom _y |
|
| 690 |
_aResidential property _96266 |
||
| 856 | 4 | 0 |
_uhttps://www.ons.gov.uk/ons/dcp171778_286208.pdf _zView this item free of charge at www.ons.gov.uk |
| 942 | _n0 | ||
| 999 |
_c114761 _d114761 |
||